书目信息 |
| 题名: |
电动力学习题汇编
|
|
| 作者: | 韦克施秦因 , Е·Г·韦克史坦 编 ;郑锡琏 , 汪镇藩 译 | |
| 分册: | ||
| 出版信息: | 北京 人民教育出版社 1981 |
|
| 页数: | 268页 | |
| 开本: | 21cm | |
| 丛书名: | ||
| 单 册: | ||
| 中图分类: | O442-44 | |
| 科图分类: | ||
| 主题词: | 电动力学--习题 | |
| 电子资源: | ||
| ISBN: | ||
| 000 | 00915nam0 2200277 45 | |
| 001 | 0181005125 | |
| 005 | 20060817111956.29 | |
| 010 | @dCNY1.10 | |
| 091 | @a13012.0654 | |
| 100 | @a19950615d1981 emky0chiy0121 ea | |
| 101 | 1 | @achi@crus |
| 102 | @aCN@b110000 | |
| 105 | @ay z 000yy | |
| 200 | 10 | @a电动力学习题汇编@Adian dong li xue xi ti hui bian@f(苏)Е·Г·韦克史坦编@F(su)Е·Г·wei ke shi tan bian@g汪镇藩,郑锡琏译 |
| 210 | @a北京@c人民教育出版社@d1981 | |
| 215 | @a268页@d21cm | |
| 510 | 1 | @aСборник задач по электродинамике@zrus |
| 606 | @a电动力学@x习题 | |
| 690 | @aO442-44@v3 | |
| 701 | 0 | @a韦克施秦因@Awei ke shi qin yin@4编 |
| 701 | 0 | @aЕ·Г·韦克史坦@AЕ·Г·wei ke shi tan@4编 |
| 702 | 0 | @a郑锡琏@Azheng xi lian@4译 |
| 702 | 0 | @a汪镇藩@Awang zhen fan@4译 |
| 801 | 0 | @aCN@b上海图书馆@c20060817 |
| 801 | 2 | @aCN@bNLC@c20060731 |
| 905 | @dO442-44@e2 | |
| 电动力学习题汇编/(苏)Е·Г·韦克史坦编/汪镇藩,郑锡琏译.-北京:人民教育出版社,1981 |
| 268页;21cm |
| ISBN :CNY1.10 |
| ● |
| 相关链接 |
|
|
|
|
正题名:电动力学习题汇编
索取号:O442-44/2
 
预约/预借
| 序号 | 登录号 | 条形码 | 馆藏地/架位号 | 状态 | 备注 |
| 1 | 0468409 | 204684092 | 密集书库/ [索取号:O442-44/2] | 在馆 |